Recurrences and discrete dynamic systems

Wedi'i Gadw mewn:
Manylion Llyfryddiaeth
Prif Awduron: Gumowski, Igor (Awdur), Mira, Christian (Awdur)
Fformat: Llyfr
Iaith:Saesneg
Cyhoeddwyd: Berlín Springer-Verlag 1980
Cyfres:Lecture Notes in Mathematics, 809
Pynciau:
Tagiau: Ychwanegu Tag
Dim Tagiau, Byddwch y cyntaf i dagio'r cofnod hwn!

MARC

LEADER 00000nam a2200000 a 4500
001 UCP0060
003 CL-VaPUC
008 990128e19800000GW |||||||||||||||||eng|d
082 0 4 |a 515.35  |b GUM  |2 21 
100 |a Gumowski, Igor  |e author  |9 424962 
700 0 |a Mira, Christian  |e author  |9 424963 
245 1 0 |a Recurrences and discrete dynamic systems 
300 |a 272 p 
942 |c BK 
945 |d 19990128 00:00:00  |a crobeson 
260 |a Berlín  |b Springer-Verlag  |c 1980 
650 7 |a RECURRENCIA DE PRIMER ORDEN  |2 CL-VaPUC  |9 424964 
650 7 |a RECURRENCIA DE SEGUNDO ORDEN  |2 CL-VaPUC  |9 424965 
650 7 |a ESTOCASTICIDAD  |2 CL-VaPUC  |9 424966 
650 0 |a Sistemas dinámicos   |9 260496 
583 |a last modification  |c 19990128 00:00:00  |k Rodrigo Vera 
490 0 |a Lecture Notes in Mathematics, 809 
999 |c 278946  |d 278944 
952 |0 0  |1 0  |4 0  |6 515_350000000000000_GUM_1980  |7 0  |8 A  |9 317770  |a BIBMAT  |b BIBMAT  |d 2019-11-20  |i 1320890  |o 515.35 GUM 1980  |p 1320890  |r 2025-01-07  |w 2019-11-20  |y BK  |k MAT